Parciálna novela zákona o sociálnom fonde

O novele zákona č. 152/1994 Z.z. o sociálnom fonde - zákone č. 313/2005 Z.z., ktorý nadobúda účinnosť 1. 9. 2005. Novelou zákona sa zvyšuje limit maximálnej výšky priemerného zárobku zamestnanca, aby zamestnancovi vznikol právny nárok na príspevok na dopravu zo sociálneho fondu.. Nový limit je viaza...

Descripción completa

Guardado en:
Detalles Bibliográficos
Autor principal: Višňovský, Viliam
Formato: Capítulo de libro
Lenguaje:eslovaco
Materias:
Etiquetas: Agregar Etiqueta
Sin Etiquetas, Sea el primero en etiquetar este registro!

MARC

LEADER 00000naa$a2200000$$$4500
001 0033123
005 20230919100315.0
041 0 |a slo 
044 |a SK 
245 1 0 |a Parciálna novela zákona o sociálnom fonde  |c Viliam Višňovský 
520 |a O novele zákona č. 152/1994 Z.z. o sociálnom fonde - zákone č. 313/2005 Z.z., ktorý nadobúda účinnosť 1. 9. 2005. Novelou zákona sa zvyšuje limit maximálnej výšky priemerného zárobku zamestnanca, aby zamestnancovi vznikol právny nárok na príspevok na dopravu zo sociálneho fondu.. Nový limit je viazaný na dvojnásobok výšky životného minima pre jednu plnoletú fyzickú osobu, takže výška tohto limitu sa bude každoročne meniť so zmenou výšky životného minima. Dosah novely zákona. 
610 2 0 |a fond sociálny 
610 2 0 |a zákony 
610 2 0 |a novelizácia 
610 2 0 |a zamestnanci 
610 2 0 |a doprava 
610 2 0 |a výdavky 
610 2 0 |a náhrada cestovného 
610 2 0 |a Slovensko 
610 2 0 |a 2005 
100 1 |a Višňovský, Viliam